000 00745cam a22002053a 4500
001 42368
003 PGUSA
005 20140828083947.0
008 130319s2013||||xxu|||||s|||||000 | eng d
040 _aPGUSA
_beng
042 _adc
100 1 _aAtherton, William
245 1 0 _aNarrative of the Suffering and Defeat of the North-Western Army, Under General Winchester :
_bMassacre of the Prisoners: Sixteen Months Imprisonment of the Writer and Others with the Indians and British
_h[electronic resource] /
_cWilliam Atherton
260 _bProject Gutenberg,
_c2013
506 _aPublic domain in the USA.
516 _aElectronic text
830 0 _aProject Gutenberg
_v42368
856 4 0 _uhttp://www.gutenberg.org/ebooks/42368
942 _cEB
999 _c271620
_d271620